One-Syllable Blitz Quiz Stats

 Plays Quiz Updated Jan 5, 2018

Challenge
Share
Tweet
Embed
Score 0/34 Timer 03:00
1 Play Today
Hint Answer % Correct
PlanetEarth
99.1%
Chess pieceKing
98.8%
Chinese zodiac animalSnake
91.4%
Rainbow colorRed
89.4%
MonthMarch
89%
US presidentBush
87.9%
One-digit numberOne
87.1%
Citrus fruitLime
83.6%
Pixar movieCars
82.3%
Ivy League schoolYale
81.3%
Deadly sinGreed
81.1%
European countryFrance
77.5%
Part of speechNoun
75.8%
NBA team nameHeat
74.8%
European capitalRome
74.2%
Spice Girl nicknamePosh
74%
Orchestra instrumentFlute
72.8%
Hint Answer % Correct
US stateMaine
72%
HerbThyme
71.9%
British Prime MinisterBlair
70.3%
Section of an orchestraBrass
70.2%
English monarchAnne
67.7%
MLB team nameMets
67%
NFL team nameBrowns
65.4%
ElementLead
64.3%
Scooby-Doo palFred
60.7%
Old Testament bookRuth
60.5%
African countryChad
59.3%
Clue/Cluedo roomHall
57.8%
LOTR raceElf
56.8%
Beatles songHelp!
55.6%
Sporcle categorySports
55.1%
Simple machineWedge
44.5%
Human boneRib
36.4%

You're not logged in!

Compare scores with friends on all Sporcle quizzes.
Join for Free
OR
Log In

You Might Also Like...

Show Comments

Extras

Top Quizzes Today


Score Distribution

Your Account Isn't Verified!

In order to create a playlist on Sporcle, you need to verify the email address you used during registration. Go to your Sporcle Settings to finish the process.

Report this User

Report this user for behavior that violates our Community Guidelines.

Details: